000 03160nam0a2200469 4500
001 RU\NLR\BIBL_A\016293416
005 20250220115827.0
010 _a978-5-6048211-6-9
_945
021 _aRU
_bКН-П-23-000551
_9КН-П-23-0048
035 _a(NLR Aleph) 016293416
035 _a(RuMoRGB)011517800
090 _a13314061
_c13314061
100 _a20230220d2022 k y0rusy50 ca
101 0 _arus
_aeng
102 _aRU
105 _aa|||z|||100zy
181 0 _ai
_baxxe
182 0 _an
200 1 _aСимметрии: теоретический и методический аспекты
_dTheory symmetry: theoretical and methodical aspects computer science
_eIX Международная научно-практическая конференция, 16-17 сентября 2022 г., Астрахань
_eсборник научных трудов
_fАстраханский государственный университет ... Международная ассоциация симметрии [Венгрия], Международное общество симметрии в биоинформатике [США]
_gнаучные редакторы: Н. В. Аммосова, А. М. Черкасова
203 _aТекст
_bвизуальный
_cнепосредственный
210 _aАстрахань
_cЗабродина Н. В.
_d2022
215 _a204 с.
_cил., табл.
_d21
300 _aРез. англ.
320 _aБиблиогр. в конце ст.
510 1 _aTheory symmetry: theoretical and methodical aspects computer science
_zeng
606 1 _aСимметрия в математике
_jСъезды, совещания и т.п.
_xИзучение в образовательных учреждениях
_92407680
_3RU\NLR\AUTH\6601654068
606 1 _aНаука
_jСъезды, совещания и т.п.
_xМетодология
_91677197
_3RU\NLR\auth\66744350
606 1 _aСимметрия (мат.)
_jСъезды, совещания и т.п.
_92262682
_3RU\NLR\AUTH\661356581
686 1 _aЧ210.1я431
686 1 _aЧ426.24-1я431
686 1 _aЧ486.24-1я431
686 1 _aВ181.113я431(0)
702 1 _aАммосова
_bН. В.
_gНадежда Васильевна
_4340
711 1 2 _a"Симметрии: теоретический и методический аспекты", международная научно-практическая конференция
_d9
_eАстрахань
_f2022
_9836765
_3RU\NLR\AUTH\880585482
712 0 2 _4557
_aАстраханский государственный университет
_9596095
_3RU\NLR\AUTH\8810048023
712 0 2 _4570
_aМеждународная ассоциация симметрии
_cВенгрия
_9752943
_3RU\NLR\AUTH\880544193
712 0 2 _4570
_aМеждународное общество симметрии в биоинформатике
_cСША
_9752947
_3RU\NLR\AUTH\880544195
942 _cBOOK
980 _aNB